000 00812nas a2200277 4500
001 BR2013008627
003 BR-BrBNA
005 20231205123141.0
007 ta
008 230509b bl.|||p| |||| 00| 00por d
040 _aBR-BrBNA
_bpor
_cBiblioteca Nacional de Agricultura
041 _a(En)
072 _aH50
100 1 _aMarchi, S.R.
100 1 _aMartins, D.
100 1 _aCosta, N.V.
100 1 _aSilva, J.R.V.
245 1 _aEffect of plant regulators on growth and flowering of 'meyer' zoysiagrass
650 _aGRAMA ESMERALDA
650 _aREGULADOR DE CRESCIMENTO
650 _aFLORAÇÃO
650 _aCRESCIMENTO
773 0 _tPlanta Daninha (Brazil)
_xISSN 0100-8358
_g(2013), v. 31(3) p. 695-703
_wBR2013008627
909 _a202311
_bLúcia
_c55
_dLúcia Elande
942 _2AGRIS
_n0
_cANA
999 _c232418
_d232418